000 00964nam a22003257a 4500
001 7065
003 FISKH
005 20250619153856.0
008 250619b cb ||||| |||| 00| 0 eng d
020 _a9780756630188
040 _aFISKH
_beng
_cFISKH
_dFISKH
050 _aSF395.4 .L56
082 _a636.4
100 _aLing, Mary
245 _aPig /
_cBy Mary Ling
250 _aFirst published in the United State in 1993
260 _aNew York :
_bDK Publishing ,
_c1993.
300 _a24 pages :
_bcolor illustrations ;
_c21 cm .
490 _aSee how they grow ( DK )
505 _aF
520 _aPhotographs and text chart the early stages of a young pig's life.
521 8 _a350
_bLexile estimate
521 8 _aF
_bRaz-Plus
650 _aFarm animals
_vNon-fiction
650 _aPiglet
_vNon-fiction
700 _aLing, Bill
_ePhotgrapher
700 _aSenior, Helen
_eArt Editor
942 _2ddc
_cBK
_n0
999 _c7065
_d7065